00412nam a22001097a 4500082000800000100002900008245013700037260003600174300002700210650004000237700002500277 a005 aYamin, Muhammad Abubakar aAutomated System of HESS Screen for the Diagnosis of Paralytic Strabismus using Computer Aided Diagnosis /cMuhammad Abubakar Yamin. aIslamabad:bCEME - NUST,c2013. a97 p. :bill. ;c30cm. aComputer Engineering MS-Phd-Thesis. aDr. Shoab Ahmed Khan